Первый Совет пролетарской диктатуры: Очерки по истории Петроградского Совета рабочих и солдатских депутатов 1917-1918

Detalhes bibliográficos
Autor principal: Потехин М. Н. Михаил Николаевич
Idioma:russo
Publicado em: Ленинград, Лениздат, 1966
Assuntos:
Formato: Livro
KOHA link:https://koha.lib.tpu.ru/cgi-bin/koha/opac-detail.pl?biblionumber=17037

MARC

LEADER 00000nam0a2200000 4500
001 17037
005 20231030190716.0
035 |a (RuTPU)RU\TPU\book\17168 
035 |a BOOK00001856 
090 |a 17037 
100 |a 20011209d1966 km y0rusy50 ca 
101 0 |a rus 
102 |a RU 
105 |a a z 000zy 
200 1 |a Первый Совет пролетарской диктатуры  |e Очерки по истории Петроградского Совета рабочих и солдатских депутатов 1917-1918  |f М. Н. Потехин 
210 |a Ленинград  |c Лениздат  |d 1966 
215 |a 339 с.  |c ил. 
610 1 |a история 
610 1 |a Россия 
610 1 |a 20 век 
610 1 |a Петроград 
610 1 |a Советы рабочих и солдатских депутатов 
686 |a Т3(2)711.29-3  |v LBC/SL-A  |2 rubbk 
700 1 |a Потехин  |b М. Н.  |g Михаил Николаевич 
801 0 |a RU  |b 63413507  |c 20011209  |g PSBO 
801 2 |a RU  |b 63413507  |c 20080320  |g PSBO 
942 |c BK